<?xml version="1.0" encoding="UTF-8"?>
<resp>
  <nextPage>https://data.bn.org.pl/api/networks/bibs.marcxml?marc=001+b00001150003564&amp;sinceId=1150003565</nextPage>
  <collection>
    <record xmlns='http://www.loc.gov/MARC21/slim'><leader>00995namZa2200325ZiZ4500</leader><controlfield tag='001'>b00001150003564</controlfield><controlfield tag='005'>20241203220030.7</controlfield><controlfield tag='008'>230609s        pl           |000 0 pol c</controlfield><controlfield tag='009'>9913262078805606</controlfield><datafield ind1=' ' ind2=' ' tag='020'><subfield code='a'>8388431617</subfield></datafield><datafield ind1=' ' ind2=' ' tag='035'><subfield code='a'>KR_1KR_1_20120317233441025880-48omnis_kr</subfield></datafield><datafield ind1=' ' ind2=' ' tag='035'><subfield code='a'>KR_1_20120317233441025880</subfield><subfield code='9'>ExL</subfield></datafield><datafield ind1=' ' ind2=' ' tag='035'><subfield code='a'>(PL)b00001150003564</subfield></datafield><datafield ind1=' ' ind2=' ' tag='040'><subfield code='a'>KR_1</subfield><subfield code='c'>KR_1</subfield></datafield><datafield ind1='1' ind2=' ' tag='041'><subfield code='a'>pol</subfield><subfield code='h'>eng</subfield></datafield><datafield ind1='1' ind2=' ' tag='100'><subfield code='a'>Bova, Ben</subfield></datafield><datafield ind1='1' ind2='0' tag='245'><subfield code='a'>Wenus /</subfield><subfield code='c'>Ben Bova ; przekł. Maria Gębicka-Frąc.</subfield></datafield><datafield ind1=' ' ind2=' ' tag='260'><subfield code='a'>Olsztyn :</subfield><subfield code='b'>&quot;Solaris&quot;,</subfield><subfield code='c'>2004.</subfield></datafield><datafield ind1=' ' ind2=' ' tag='300'><subfield code='a'>377 s. ;</subfield><subfield code='c'>20 cm.</subfield></datafield><datafield ind1='1' ind2=' ' tag='490'><subfield code='a'>Jutro zaczyna się dzisiaj ;</subfield><subfield code='v'>5</subfield></datafield><datafield ind1=' ' ind2=' ' tag='500'><subfield code='a'>p</subfield></datafield><datafield ind1='1' ind2=' ' tag='700'><subfield code='a'>Gębicka-Frąc, Maria</subfield><subfield code='e'>Tł.</subfield></datafield><datafield ind1=' ' ind2=' ' tag='852'><subfield code='b'>48OMNIS_NETWORK</subfield><subfield code='8'>9913262078805606</subfield></datafield><datafield ind1=' ' ind2=' ' tag='852'><subfield code='b'>48OMNIS_MBPG</subfield><subfield code='8'>991002448129708210</subfield></datafield><datafield ind1=' ' ind2=' ' tag='852'><subfield code='b'>48OMNIS_KR</subfield><subfield code='8'>991000035629708216</subfield></datafield><datafield ind1=' ' ind2=' ' tag='852'><subfield code='8'>22789697740008210</subfield><subfield code='j'>1</subfield><subfield code='b'>F13</subfield><subfield code='p'>10527866</subfield><subfield code='c'>UBYTKI_F13</subfield></datafield><datafield ind1=' ' ind2=' ' tag='920'><subfield code='a'>83-88431-61-7</subfield></datafield></record>
  </collection>
</resp>
